00468nam a2200157Ia 450000500170000000800410001708200130005810000150007124500380008626000380012430000120016265000160017494200060019095200990019699900150029520250319215450.0240331s9999 xx 000 0 und d bPARa894 aParthipan, 0aViththiyasappadum viththiyasankal aWest GermanybSudasien Buroc1987 a56 p ., aShort Stroy cL 001040708LaWERCLbWERCLcSSCd2024-03-31l0o 894.811 PARp5392r2024-03-31w2024-03-31yL c4099d4099